| 000 | 00431nam a2200181Ia 4500 | ||
|---|---|---|---|
| 003 | 0100 | ||
| 008 | 130303s9999 xx 000 0 und d | ||
| 040 | _cARRUPELIB | ||
| 050 | _aJC336.M391990 | ||
| 100 | _aMedina, Vicente | ||
| 245 | _aSocial contract theories | ||
| 245 | _bpolitical obligation or anarchy? | ||
| 260 | _aSavage MD | ||
| 260 | _bRowman Littlefield Pub. | ||
| 260 | _C1990 | ||
| 300 | _a179p | ||
| 942 | 0 | 0 | _01 |
| 999 |
_c20952 _d20952 |
||